Nové akridínové deriváty s DNA-väzbovou aktivitou a ich protinádorový potenciál

Na minha lista:
Detalhes bibliográficos
Autor principal: Podlesná, Jana
Formato: Software Livro
Idioma:eslovaco
Publicado em: Bratislava STU FCHPT 2007
Acesso em linha:View in OPAC
Tags: Adicionar Tag
Sem tags, seja o primeiro a adicionar uma tag!

MARC

LEADER 00000nam a2200000 a 4500
005 20260127134330.0
007 co ugu
008 060607 2006 xo 000 0 slo d
035 |a vtls009084693 
039 9 |y 200708021156  |z mschk03 
040 |a STUSCHK1  |b slo  |c STUSCHK1  |e AACR2 
100 1 |a Podlesná, Jana 
245 1 |a Nové akridínové deriváty s DNA-väzbovou aktivitou a ich protinádorový potenciál  |c Jana Podlesná 
260 |a Bratislava  |b STU FCHPT  |c 2007 
500 |a Obháj.: 7.6. 2007 
500 |a Špec.: Biomedicínske inžinierstvo, biochémia a mikrobiológia 
500 |a Ústav biochémie, výživy a ochrany zdravia 
500 |a Diplomová práca na CD-ROMe 
910 |a SCHK95 
999 |c 10048  |d 10048